Statistics for English clubs that have won the UEFA Champions League

Click here to take the quiz!

General Stats

  • This quiz has been taken 29 times
  • The average score is 5 of 5

Answer Stats

NoYearsClub% Correct
61977,1978,1981,1984,2005,2019Liverpool FC
100%
31968,1999,2008Manchester United
100%
12012Chelsea
100%
21979,1980Nottingham Forest
89%
11982Aston Villa
81%

Score Distribution

Percentile by Number Answered

Percent of People with Each Score

Your Score History

You have not taken this quiz